[Event "POL-ch U17 Qual"]
[Site "Jastrzebia Gora"]
[Date "2021.11.19"]
[Round "7"]
[White "Nowak, Maciej1111"]
[Black "Komisarski, Jerzy"]
[Result "1-0"]
[WhiteElo "1537"]
[BlackElo "1258"]
[PlyCount "67"]
[EventDate "2021.11.15"]
[EventType "swiss"]
[EventRounds "9"]
[EventCountry "POL"]
[SourceTitle "EXT 2023"]
[Source "ChessBase"]
[SourceDate "2022.10.05"]
[SourceVersion "1"]
[SourceVersionDate "2022.10.05"]
[SourceQuality "1"]

1. d4 d5 2. c4 e6 3. Nc3 a6 4. cxd5 exd5 5. Nf3 c6 6. Qc2 Bd6 7. Bg5 Ne7 8. e3 f6 9. Bh4 Bf5 10. Bd3 Bxd3 11. Qxd3 Nd7 12. Bg3 Nb6 13. Nd2 0-0 14. Rb1 f5 15. Bxd6 Qxd6 16. f4 Rae8 17. 0-0 Rf6 18. Nf3 Rh6 19. Ne5 Qf6 20. Rf3 Nbc8 21. b4 Nd6 22. a4 Ne4 23. Qc2 Ng6 24. Nxe4 fxe4 25. Ng4 Qh4 26. Nxh6+ Qxh6 27. Rh3 Nh4 28. Qf2 Nf3+ 29. Kh1 Qe6 30. Rd1 Rf8 31. Qg3 Rf6 32. gxf3 Rg6 33. Qh4 Rh6 34. Qd8+ 1-0